[Event "Titled Tuesday 2025.01.14 Early"]
[Site "Chess.com INT"]
[Date "2025.01.14"]
[Round "1"]
[White "Diaz, Fernando"]
[Black "Samsonkin, Artiom"]
[Result "0-1"]
[WhiteElo "2061"]
[BlackElo "2361"]
[WhiteFideId "-1"]
[WhiteFideId "-1"]
[PlyCount "42"]
[GameId "2136239184724220"]
[EventDate "2025.01.14"]
[EventType "swiss (blitz)"]
[EventRounds "11"]
[EventCountry "NET"]
[SourceTitle "Mega2025 Update 12"]
[Source "Chessbase"]
[SourceDate "2025.01.24"]
[SourceVersion "1"]
[SourceVersionDate "2025.01.24"]
[SourceQuality "1"]

1. e4 e6 2. d4 d5 3. Nc3 dxe4 4. Nxe4 Bd7 5. Nf3 Bc6 6. Bd3 Nd7 7. O-O Ngf6 8. Nxf6+ Qxf6 9. Bg5 Bxf3 10. Qxf3 Qxg5 11. Qxb7 Qd5 12. Qxc7 Bd6 13. Qc3 O-O 14. Qd2 Nf6 15. c4 Qh5 16. h3 e5 17. dxe5 Qxe5 18. g3 Rab8 19. Rab1 Rfd8 20. Rfe1 Qh5 21. Kg2 Bb4 0-1

[Event "Titled Tuesday 2025.01.14 Early"]
[Site "Chess.com INT"]
[Date "2025.01.14"]
[Round "2"]
[White "Samsonkin, Artiom"]
[Black "Baches Garcia, Guillermo"]
[Result "1-0"]
[WhiteElo "2361"]
[BlackElo "2322"]
[WhiteFideId "-1"]
[WhiteFideId "-1"]
[PlyCount "85"]
[GameId "2136239184974667"]
[EventDate "2025.01.14"]
[EventType "swiss (blitz)"]
[EventRounds "11"]
[EventCountry "NET"]
[SourceTitle "Mega2025 Update 12"]
[Source "Chessbase"]
[SourceDate "2025.01.24"]
[SourceVersion "1"]
[SourceVersionDate "2025.01.24"]
[SourceQuality "1"]

1. e4 c5 2. Nf3 d6 3. d4 cxd4 4. Qxd4 Nc6 5. Bb5 Bd7 6. Bxc6 Bxc6 7. Nc3 h6 8. O-O {8.Qd3 gains popularity. 8.Dd3 wird beliebter.} e5 9. Qd3 Nf6 10. Nd2 d5 11. exd5 Nxd5 12. Nxd5 Qxd5 13. Qg3 $146 (13. Qxd5 Bxd5 14. Re1 f6 15. c4 Bc6 16. b3 Bc5 17. Bb2 O-O-O 18. Ne4 Bxe4 19. Rxe4 {1-0 Saya,E (2146)-Vinod,R (2173) Titled Tuesday intern op 12th Oct Chess.com INT blitz 2021 (1)}) 13... Bd6 14. Re1 O-O-O 15. b3 e4 16. Qh3+ Kb8 17. Nc4 Bc7 18. Bb2 f5 19. Ne3 Qc5 20. Qxf5 Qe7 21. Rad1 Rhf8 22. Qg4 g5 23. c4 Bb6 24. Rf1 Qf7 25. Rxd8+ Rxd8 26. Bc3 Rf8 27. Qg3+ Ka8 28. Be5 h5 29. Qxg5 h4 30. b4 h3 31. c5 hxg2 32. Qxg2 Bd8 33. Bg3 Bg5 34. Rd1 Bxe3 35. fxe3 a6 36. Rf1 Qg8 37. Rxf8+ Qxf8 38. h4 Qf5 39. Kh2 Ka7 40. Qf2 Qh5 41. Qf4 Qe2+ 42. Kg1 Bb5 43. Qb8# 1-0

[Event "Titled Tuesday 2025.01.14 Early"]
[Site "Chess.com INT"]
[Date "2025.01.14"]
[Round "3"]
[White "Maghsoodloo, Parham"]
[Black "Samsonkin, Artiom"]
[Result "1/2-1/2"]
[WhiteElo "2674"]
[BlackElo "2361"]
[WhiteFideId "-1"]
[WhiteFideId "-1"]
[PlyCount "96"]
[GameId "2136239185134848"]
[EventDate "2025.01.14"]
[EventType "swiss (blitz)"]
[EventRounds "11"]
[EventCountry "NET"]
[SourceTitle "Mega2025 Update 12"]
[Source "Chessbase"]
[SourceDate "2025.01.24"]
[SourceVersion "1"]
[SourceVersionDate "2025.01.24"]
[SourceQuality "1"]

1. e4 c6 2. Nf3 d5 3. d3 Qc7 4. g3 dxe4 5. dxe4 e5 6. Bg2 Nf6 7. O-O Bc5 8. Qe2 O-O 9. h3 a5 10. Rd1 b6 11. Bg5 Nbd7 12. Nbd2 Ba6 13. Qe1 h6 14. Be3 Rad8 15. Nh4 Bxe3 16. Qxe3 Nc5 17. Nf5 Bc8 18. Nc4 Be6 19. Nxa5 Ncxe4 20. Rxd8 Rxd8 21. Nxc6 Bxf5 22. Nxd8 Qxd8 23. a4 Qc7 24. c3 Ng5 25. g4 Bg6 26. b4 Ne6 27. a5 bxa5 28. bxa5 Nf4 29. Bf1 N6d5 30. Qd2 Nxc3 31. a6 Be4 32. Kh2 Ba8 33. Rc1 Qc6 34. f3 Qxf3 35. Bg2 Nxg2 36. Rxc3 Ne3 37. Rxe3 Qh1+ 38. Kg3 Qg1+ 39. Kh4 Kh7 40. Rxe5 Qf1 41. Rf5 g5+ 42. Rxg5 hxg5+ 43. Kxg5 Qxa6 44. Qc2+ Qg6+ 45. Qxg6+ fxg6 46. h4 Bf3 47. h5 gxh5 48. gxh5 Bxh5 1/2-1/2

[Event "Titled Tuesday 2025.01.14 Early"]
[Site "Chess.com INT"]
[Date "2025.01.14"]
[Round "4"]
[White "Samsonkin, Artiom"]
[Black "Oparin, Grigoriy"]
[Result "0-1"]
[WhiteElo "2361"]
[BlackElo "2660"]
[WhiteFideId "-1"]
[WhiteFideId "-1"]
[PlyCount "110"]
[GameId "2136239185286771"]
[EventDate "2025.01.14"]
[EventType "swiss (blitz)"]
[EventRounds "11"]
[EventCountry "NET"]
[SourceTitle "Mega2025 Update 12"]
[Source "Chessbase"]
[SourceDate "2025.01.24"]
[SourceVersion "1"]
[SourceVersionDate "2025.01.24"]
[SourceQuality "1"]

1. e4 c5 2. Nf3 e6 3. Nc3 Nc6 4. Bb5 Nge7 5. O-O a6 6. Bxc6 Nxc6 7. d4 cxd4 8. Nxd4 d6 9. Re1 Be7 10. Nxc6 bxc6 11. Qg4 Bf6 12. e5 dxe5 13. Ne4 h5 14. Qg3 h4 15. Qg4 h3 16. Be3 Rh4 17. Qf3 Be7 18. Rad1 Qc7 19. Bg5 Rxe4 20. Qxe4 Bxg5 21. Qh7 Bf6 22. Rd3 Ke7 23. Red1 Bb7 24. Qe4 a5 25. Rd7+ Qxd7 26. Rxd7+ Kxd7 27. Qd3+ Kc7 28. Qxh3 Rd8 29. Kf1 e4 30. Qa3 Rd5 31. c4 Re5 32. Qf8 e3 33. f3 e2+ 34. Ke1 Bc8 35. c5 Rd5 36. Kxe2 Bd7 37. Qxf7 Bxb2 38. Qf8 Bd4 39. Qa8 Rxc5 40. Qa7+ Kd6 41. Qb8+ Ke7 42. Qg8 Bf6 43. g4 Rc2+ 44. Kd3 Rc3+ 45. Ke2 c5 46. f4 Bb5+ 47. Kd2 Rd3+ 48. Kc2 Rf3 49. g5 Bd4 50. Qb8 Ba4+ 51. Kd2 Bd7 52. h4 c4 53. Ke2 Re3+ 54. Kd2 c3+ 55. Kd1 Ba4+ 0-1

[Event "Titled Tuesday 2025.01.14 Early"]
[Site "Chess.com INT"]
[Date "2025.01.14"]
[Round "5"]
[White "Senft, Sean"]
[Black "Samsonkin, Artiom"]
[Result "0-1"]
[WhiteElo "2054"]
[BlackElo "2361"]
[WhiteFideId "-1"]
[WhiteFideId "-1"]
[PlyCount "66"]
[GameId "2136239185385335"]
[EventDate "2025.01.14"]
[EventType "swiss (blitz)"]
[EventRounds "11"]
[EventCountry "NET"]
[SourceTitle "Mega2025 Update 12"]
[Source "Chessbase"]
[SourceDate "2025.01.24"]
[SourceVersion "1"]
[SourceVersionDate "2025.01.24"]
[SourceQuality "1"]

1. d4 Nf6 2. c4 e6 3. Nc3 Bb4 4. Nf3 b6 5. Bg5 Bb7 6. e3 h6 7. Bh4 g5 8. Bg3 Ne4 9. Qc2 f5 10. Bd3 Bxc3+ 11. bxc3 d6 12. d5 Qf6 13. Nd4 exd5 14. cxd5 Bxd5 15. f3 Nxg3 16. hxg3 Nd7 17. Bxf5 O-O-O 18. e4 Bb7 19. Qa4 a6 20. Ne6 Qxc3+ 21. Kf2 Qd2+ 22. Kg1 b5 23. Qb3 Rde8 24. Rd1 Qa5 25. Rc1 Kb8 26. Rxc7 Nc5 27. Nxc5 Qxc7 28. Nxb7 Qxb7 29. g4 Qb6+ 30. Kh2 h5 31. Kg3 h4+ 32. Kh2 Qf2 33. Rd1 h3 0-1

[Event "Titled Tuesday 2025.01.14 Early"]
[Site "Chess.com INT"]
[Date "2025.01.14"]
[Round "6"]
[White "Nurgaliyev, Sauat"]
[Black "Samsonkin, Artiom"]
[Result "1/2-1/2"]
[WhiteElo "2374"]
[BlackElo "2361"]
[WhiteFideId "-1"]
[WhiteFideId "-1"]
[PlyCount "83"]
[GameId "2136239185537282"]
[EventDate "2025.01.14"]
[EventType "swiss (blitz)"]
[EventRounds "11"]
[EventCountry "NET"]
[SourceTitle "Mega2025 Update 12"]
[Source "Chessbase"]
[SourceDate "2025.01.24"]
[SourceVersion "1"]
[SourceVersionDate "2025.01.24"]
[SourceQuality "1"]

1. e4 e6 2. d4 d5 3. Nc3 dxe4 4. Nxe4 Bd7 5. Nf3 Bc6 6. Bd3 Nd7 7. O-O Ngf6 8. Qe2 Be7 9. Bf4 O-O 10. Rfd1 Bd5 11. c4 Bxe4 12. Bxe4 Nxe4 13. Qxe4 c6 14. Ne5 Nxe5 15. Bxe5 Bd6 16. d5 exd5 17. cxd5 Qe7 18. f4 f6 19. dxc6 Bc5+ 20. Kh1 fxe5 21. Qc4+ Kh8 22. Rd7 Rxf4 23. cxb7 Raf8 24. Rxe7 Rxc4 25. Rc7 Rcf4 26. g3 Rb4 27. Rxc5 Rxb7 28. b3 Re7 29. Kg2 h6 30. Re1 e4 31. Re3 Kh7 32. Rc4 Rfe8 33. g4 a5 34. Kg3 g5 35. h4 Kg6 36. h5+ Kf6 37. Rc5 Re5 38. Rc6+ R8e6 39. Rc4 Re8 40. Rc6+ R5e6 41. Rc5 Re5 42. Rc6+ 1/2-1/2

[Event "Titled Tuesday 2025.01.14 Early"]
[Site "Chess.com INT"]
[Date "2025.01.14"]
[Round "7"]
[White "Samsonkin, Artiom"]
[Black "Kalyani, Sirin"]
[Result "1-0"]
[WhiteElo "2361"]
[BlackElo "2012"]
[WhiteFideId "-1"]
[WhiteFideId "-1"]
[PlyCount "67"]
[GameId "2136239185635827"]
[EventDate "2025.01.14"]
[EventType "swiss (blitz)"]
[EventRounds "11"]
[EventCountry "NET"]
[SourceTitle "Mega2025 Update 12"]
[Source "Chessbase"]
[SourceDate "2025.01.24"]
[SourceVersion "1"]
[SourceVersionDate "2025.01.24"]
[SourceQuality "1"]

1. e4 e5 2. Nf3 Nc6 3. d4 exd4 4. Bc4 Nf6 5. e5 d5 6. Bb5 Ne4 7. Nxd4 Bd7 8. Bxc6 bxc6 9. O-O Bc5 10. f3 Ng5 11. Be3 Bb6 12. f4 Ne4 13. Nd2 Nxd2 {13...c5 is the fancy move. 13...c5 ist der angesagte Zug.} 14. Qxd2 c5 15. Nf3 d4 16. Bf2 O-O 17. a4 a5 18. Qd3 Qc8 19. Nh4 Qa6 20. Qe4 Rae8 $146 (20... Rab8 21. f5 Ba7 22. f6 Rfe8 23. Rae1 Qe6 24. Bg3 c4 25. Nf5 g6 26. Ng7 Bc6 27. Nxe6 Bxe4 28. Nxc7 Bxc2 29. Nxe8 {1-0 Cross,G (2101)-Bohak,J (2192) VW-Cup10 Gr57 email ICCF email 2017}) 21. b3 Qa8 22. Qd3 Bc6 23. Rae1 Bd5 24. f5 f6 25. c4 dxc3 26. exf6 Rxe1 27. Rxe1 Rxf6 28. Qxc3 Rc6 29. Nf3 c4 30. Bxb6 cxb3 31. Bc5 b2 32. Rb1 Bxf3 33. Qxf3 Qa6 34. Qd5+ 1-0

[Event "Titled Tuesday 2025.01.14 Early"]
[Site "Chess.com INT"]
[Date "2025.01.14"]
[Round "8"]
[White "Medhus, Vitus Bondo"]
[Black "Samsonkin, Artiom"]
[Result "0-1"]
[WhiteElo "2286"]
[BlackElo "2361"]
[WhiteFideId "-1"]
[WhiteFideId "-1"]
[PlyCount "156"]
[GameId "2136239185808284"]
[EventDate "2025.01.14"]
[EventType "swiss (blitz)"]
[EventRounds "11"]
[EventCountry "NET"]
[SourceTitle "Mega2025 Update 12"]
[Source "Chessbase"]
[SourceDate "2025.01.24"]
[SourceVersion "1"]
[SourceVersionDate "2025.01.24"]
[SourceQuality "1"]

1. e4 c5 2. Nc3 e6 3. f4 a6 4. Nf3 b5 5. d4 cxd4 6. Qxd4 Bb7 7. Bd3 Nc6 8. Qf2 Nf6 9. Qg3 Bc5 10. Qxg7 Rg8 11. Qh6 Rxg2 12. Ng5 Nd4 13. Bd2 Qe7 14. O-O-O O-O-O 15. e5 Ng4 16. Qxh7 Nf2 17. Nxf7 Nxh1 18. Nxd8 Qxh7 19. Bxh7 Kxd8 20. Rxh1 Rxd2 21. Be4 Rxc2+ 22. Bxc2 Bxh1 23. h4 Bf3 24. Ne4 Be7 25. Ng5 Bxg5 26. fxg5 Nxc2 27. Kxc2 Bh5 28. Kc3 d6 29. Kd4 Kd7 30. b4 Ke7 31. a3 Kd7 32. Ke4 Ke7 33. Kd4 dxe5+ 34. Kxe5 Bg6 35. Kf4 Bh5 36. Ke5 Kf7 37. Kd6 Bg4 38. Ke5 Kg6 39. Kf4 Bf5 40. Ke5 Kh5 41. Kf6 Kxh4 42. g6 Kh5 43. g7 Bh7 44. Kxe6 Kg6 45. Kd6 Kxg7 46. Kc6 Bc2 47. Kb6 Ba4 48. Kxa6 Kf6 49. Kb6 Ke5 50. Kc5 Ke4 51. Kd6 Kd3 52. Kc5 Kc3 53. Kd5 Kb3 54. Kd4 Kxa3 55. Kc3 Ka2 56. Kd2 Kb2 57. Kd3 Bb3 58. Kd2 Bc4 59. Ke3 Kb3 60. Kd2 Kb2 61. Ke3 Bb3 62. Kd2 Bc2 63. Ke3 Kc3 64. Ke2 Kxb4 65. Kd2 Kb3 66. Kc1 b4 67. Kd2 Kb2 68. Ke3 b3 69. Kd4 Ka2 70. Kc5 b2 71. Kb4 b1=Q+ 72. Ka5 Qb3 73. Ka6 Kb2 74. Ka7 Kc3 75. Ka8 Kc4 76. Ka7 Kc5 77. Ka6 Kc6 78. Ka5 Qa3# 0-1

[Event "Titled Tuesday 2025.01.14 Early"]
[Site "Chess.com INT"]
[Date "2025.01.14"]
[Round "9"]
[White "Samsonkin, Artiom"]
[Black "Boyer, Mahel"]
[Result "0-1"]
[WhiteElo "2361"]
[BlackElo "2531"]
[WhiteFideId "-1"]
[WhiteFideId "-1"]
[PlyCount "58"]
[GameId "2136239185853421"]
[EventDate "2025.01.14"]
[EventType "swiss (blitz)"]
[EventRounds "11"]
[EventCountry "NET"]
[SourceTitle "Mega2025 Update 12"]
[Source "Chessbase"]
[SourceDate "2025.01.24"]
[SourceVersion "1"]
[SourceVersionDate "2025.01.24"]
[SourceQuality "1"]

1. e4 Nc6 2. Nf3 d5 3. exd5 Qxd5 4. Nc3 Qh5 5. Nb5 Kd8 6. d4 Bg4 7. d5 Ne5 8. Be2 Nxf3+ 9. gxf3 Bd7 10. Bf4 Bxb5 11. Bxb5 Nf6 12. Qd3 g6 13. O-O-O Bh6 14. Qe3 Bxf4 15. Qxf4 Qf5 16. Qe3 Nh5 17. Kb1 Qf4 18. Qc3 Qf6 19. Qa3 a6 20. Bd3 Ke8 21. Rhe1 Kf8 22. Qb3 Kg7 23. Re3 Nf4 24. Bf1 Rhd8 25. c4 e6 26. a3 exd5 27. cxd5 Rd6 28. Ka2 Rad8 29. Qxb7 Rb6 0-1

[Event "Titled Tuesday 2025.01.14 Early"]
[Site "Chess.com INT"]
[Date "2025.01.14"]
[Round "10"]
[White "Hayrapetyan, Edgar"]
[Black "Samsonkin, Artiom"]
[Result "0-1"]
[WhiteElo "2137"]
[BlackElo "2361"]
[WhiteFideId "-1"]
[WhiteFideId "-1"]
[PlyCount "140"]
[GameId "2136239186034102"]
[EventDate "2025.01.14"]
[EventType "swiss (blitz)"]
[EventRounds "11"]
[EventCountry "NET"]
[SourceTitle "Mega2025 Update 12"]
[Source "Chessbase"]
[SourceDate "2025.01.24"]
[SourceVersion "1"]
[SourceVersionDate "2025.01.24"]
[SourceQuality "1"]

1. e4 c5 2. Nc3 e6 3. Nf3 a6 4. g3 b5 5. Bg2 Bb7 6. d4 b4 7. Na4 cxd4 8. Nxd4 Nf6 9. O-O Bxe4 10. Bxe4 Nxe4 11. c4 Be7 12. Qf3 f5 13. Rd1 Qa5 14. b3 O-O 15. Bb2 Bf6 16. c5 Nc6 17. Nxc6 dxc6 18. Bxf6 Rxf6 19. Rd7 Nxc5 20. Qxc6 Nxd7 21. Qxa8+ Nf8 22. Rd1 f4 23. Qe4 Qh5 24. Nb2 h6 25. Rd3 Qc5 26. Qe2 Ng6 27. Nc4 Kh7 28. Rd7 Qc6 29. Rd3 Qc5 30. Rd1 Qg5 31. Qd3 h5 32. Rd2 h4 33. Nd6 fxg3 34. hxg3 hxg3 35. fxg3 Qe5 36. Ne4 Rf5 37. Re2 Qa1+ 38. Kg2 Ne5 39. Ng5+ Kg6 40. Rxe5 Qxe5 41. Nf3 Qb2+ 42. Kh3 Qc3 43. Nh4+ Kf6 44. Qd8+ Kf7 45. Qd7+ Kf6 46. Qd8+ Ke5 47. Nxf5 exf5 48. Qe7+ Kd5 49. Qd7+ Ke4 50. Qe6+ Kd3 51. Qxa6+ Kc2 52. Qb5 Kb2 53. Qxf5 Kxa2 54. Qf7 g5 55. Kg4 Qxb3 56. Qa7+ Kb2 57. Kxg5 Qc3 58. g4 b3 59. Kh6 Qd2+ 60. g5 Kc2 61. Kg6 b2 62. Qc5+ Qc3 63. Qb5 Qd3+ 64. Qxd3+ Kxd3 65. Kf7 b1=Q 66. g6 Qb7+ 67. Kf8 Qc6 68. g7 Qf6+ 69. Ke8 Qxg7 70. Kd8 Kd4 0-1

[Event "Titled Tuesday 2025.01.14 Early"]
[Site "Chess.com INT"]
[Date "2025.01.14"]
[Round "11"]
[White "Samsonkin, Artiom"]
[Black "Donchenko, Alexander"]
[Result "1/2-1/2"]
[WhiteElo "2361"]
[BlackElo "2632"]
[WhiteFideId "-1"]
[WhiteFideId "-1"]
[PlyCount "66"]
[GameId "2136239186066943"]
[EventDate "2025.01.14"]
[EventType "swiss (blitz)"]
[EventRounds "11"]
[EventCountry "NET"]
[SourceTitle "Mega2025 Update 12"]
[Source "Chessbase"]
[SourceDate "2025.01.24"]
[SourceVersion "1"]
[SourceVersionDate "2025.01.24"]
[SourceQuality "1"]

1. e4 g6 2. d4 Bg7 3. Nc3 d6 4. f4 Nf6 5. Nf3 c5 6. Bb5+ Bd7 7. e5 Ng4 8. Bxd7+ Qxd7 9. d5 dxe5 10. h3 e4 11. Nxe4 Nf6 12. Nxf6+ Bxf6 13. O-O O-O 14. Ne5 Qd6 15. Be3 Na6 16. Ng4 Bxb2 17. Rb1 Bg7 18. f5 Nb4 19. c4 Nxa2 20. Rxb7 Rfb8 21. Bf4 Rxb7 22. Bxd6 Bd4+ 23. Kh1 exd6 24. f6 Nc3 25. Qf3 Re8 26. Qf4 Ne2 27. Qxd6 Rd7 28. Qxd7 Ng3+ 29. Kh2 Nxf1+ 30. Kh1 Ng3+ 31. Kh2 Nf1+ 32. Kh1 Ng3+ 33. Kh2 Nf1+ 1/2-1/2

[Event "Titled Tuesday 2024.12.24 Early"]
[Site "chess.com INT"]
[Date "2024.12.24"]
[Round "1"]
[White "Samsonkin, Artiom"]
[Black "Lama, Himal"]
[Result "1-0"]
[WhiteElo "2363"]
[BlackElo "2059"]
[WhiteFideId "-1"]
[WhiteFideId "-1"]
[PlyCount "61"]
[GameId "2129405226859022"]
[EventDate "2024.12.24"]
[EventType "swiss (blitz)"]
[EventRounds "11"]
[EventCountry "NET"]
[SourceTitle "The Week in Chess 1573"]
[Source "Mark Crowther"]
[SourceDate "2024.12.30"]
[SourceVersion "1"]
[SourceVersionDate "2024.12.30"]
[SourceQuality "2"]

1. e4 c5 2. Nf3 d6 3. d4 Nf6 4. Nc3 cxd4 5. Nxd4 a6 6. Bd3 g6 7. O-O Bg7 8. h3 O-O 9. Re1 Nc6 10. Nb3 Re8 11. Bg5 h6 12. Bh4 Be6 13. Qd2 g5 14. Bg3 Rc8 15. Rad1 Na5 16. h4 Nh5 17. Bh2 gxh4 18. Be2 Nf6 19. Qf4 Qb6 20. Qxh4 Nc4 21. Bxc4 Rxc4 22. Bf4 Rec8 23. Be3 Qc7 24. Bxh6 Bh8 25. Rd3 Qd7 26. Rg3+ Ng4 27. Qg5+ Kh7 28. Rh3 Ne5 29. Bg7+ Bxh3 30. Qh6+ Kg8 31. Qxh8# 1-0

[Event "Titled Tuesday 2024.12.24 Early"]
[Site "chess.com INT"]
[Date "2024.12.24"]
[Round "2"]
[White "Hovakimyan, Vache"]
[Black "Samsonkin, Artiom"]
[Result "0-1"]
[WhiteElo "2319"]
[BlackElo "2363"]
[WhiteFideId "-1"]
[WhiteFideId "-1"]
[PlyCount "130"]
[GameId "2129405226925001"]
[EventDate "2024.12.24"]
[EventType "swiss (blitz)"]
[EventRounds "11"]
[EventCountry "NET"]
[SourceTitle "The Week in Chess 1573"]
[Source "Mark Crowther"]
[SourceDate "2024.12.30"]
[SourceVersion "1"]
[SourceVersionDate "2024.12.30"]
[SourceQuality "2"]

1. d4 d5 2. c4 c6 3. Nc3 Nf6 4. Nf3 e6 5. Bg5 Nbd7 6. e3 Qa5 7. cxd5 exd5 8. Bd3 Bd6 9. O-O O-O 10. Qc2 Re8 11. Rab1 h6 12. Bf4 Bxf4 13. exf4 Nf8 14. b4 Qc7 15. Ne5 Ne6 16. Ne2 Qb6 17. Qb2 Ne4 18. Bxe4 dxe4 19. Rfd1 f6 20. Nc4 Qc7 21. f5 Nf4 22. Ng3 Nd5 23. Ne3 Qf4 24. Qd2 Ne7 25. b5 Bd7 26. bxc6 Bxc6 27. d5 Rad8 28. d6 Nc8 29. Nc4 e3 30. Nxe3 Nxd6 31. Qb4 Qe5 32. Qd4 Qe7 33. Qxa7 Ne4 34. Nxe4 Qxe4 35. Qb6 Ra8 36. f3 Qxe3+ 37. Qxe3 Rxe3 38. Rb2 Re5 39. g4 Kf7 40. h3 Ke7 41. Kf2 Rd8 42. Rc1 Red5 43. Kg3 Rd3 44. Rf1 Rd2 45. Rb4 Rxa2 46. h4 Kf7 47. Rf4 Rdd2 48. g5 Rg2+ 49. Kh3 Rh2+ 50. Kg4 hxg5 51. Kh5 gxf4 52. Rg1 Rag2 53. Rxg2 Bxf3+ 54. Rg4 Bxg4+ 55. Kxg4 Rxh4+ 56. Kxh4 f3 57. Kg3 f2 58. Kxf2 Ke7 59. Ke3 Kd6 60. Kd4 b5 61. Kd3 Ke5 62. Kc3 Kxf5 63. Kb4 g5 64. Kxb5 g4 65. Kc4 g3 0-1

[Event "Titled Tuesday 2024.12.24 Early"]
[Site "chess.com INT"]
[Date "2024.12.24"]
[Round "3"]
[White "Samsonkin, Artiom"]
[Black "Gubajdullin, Alexey"]
[Result "0-1"]
[WhiteElo "2363"]
[BlackElo "2238"]
[WhiteFideId "-1"]
[WhiteFideId "-1"]
[PlyCount "80"]
[GameId "2129405226925200"]
[EventDate "2024.12.24"]
[EventType "swiss (blitz)"]
[EventRounds "11"]
[EventCountry "NET"]
[SourceTitle "The Week in Chess 1573"]
[Source "Mark Crowther"]
[SourceDate "2024.12.30"]
[SourceVersion "1"]
[SourceVersionDate "2024.12.30"]
[SourceQuality "2"]

1. e4 c5 2. Nf3 d6 3. Bb5+ Nd7 4. d4 cxd4 5. Qxd4 a6 6. Bxd7+ Bxd7 7. c4 b5 8. Nc3 e5 9. Qd3 bxc4 10. Qxc4 Nf6 11. Bg5 Be7 12. O-O O-O 13. Bxf6 Bxf6 14. Nd5 Bb5 15. Qc2 Bxf1 16. Rxf1 g6 17. Rd1 Bg7 18. b4 Kh8 19. a4 f5 20. a5 Rc8 21. Qe2 fxe4 22. Qxe4 Qd7 23. Nb6 Qc6 24. Qe2 e4 25. Ng5 Qc2 26. Qxc2 Rxc2 27. Nxe4 Bd4 28. Nd5 Bxf2+ 29. Kh1 Ba7 30. h3 Rfc8 31. Kh2 Re2 32. Nxd6 Rcc2 33. Nf4 Red2 34. Rxd2 Rxd2 35. Nf7+ Kg8 36. Ng5 Bb8 37. Kg3 Rd4 38. Nge6 Rxb4 39. Kf3 Bxf4 40. Nxf4 Rb5 0-1

[Event "Titled Tuesday 2024.12.24 Early"]
[Site "chess.com INT"]
[Date "2024.12.24"]
[Round "4"]
[White "Cuellar Montes, Alejandro"]
[Black "Samsonkin, Artiom"]
[Result "0-1"]
[WhiteElo "2190"]
[BlackElo "2363"]
[WhiteFideId "-1"]
[WhiteFideId "-1"]
[PlyCount "90"]
[GameId "2129405226925509"]
[EventDate "2024.12.24"]
[EventType "swiss (blitz)"]
[EventRounds "11"]
[EventCountry "NET"]
[SourceTitle "The Week in Chess 1573"]
[Source "Mark Crowther"]
[SourceDate "2024.12.30"]
[SourceVersion "1"]
[SourceVersionDate "2024.12.30"]
[SourceQuality "2"]

1. e4 c5 2. Nf3 e6 3. d4 cxd4 4. Nxd4 a6 5. Bd3 Bc5 6. Nb3 Ba7 7. c4 Nc6 8. Nc3 d6 9. Bf4 Nge7 10. O-O O-O 11. Qd2 e5 12. Be3 Ng6 13. Nd5 Be6 14. Bxa7 Rxa7 15. Qe3 Ra8 16. g3 Rc8 17. Rac1 Kh8 18. Rfd1 Nce7 19. Nb6 Rc6 20. c5 Bxb3 21. axb3 dxc5 22. Na4 Qd4 23. Qe2 Qb4 24. Rc4 Qa5 25. Rdc1 Rfc8 26. Nxc5 Rxc5 27. b4 Rxc4 28. bxa5 Rxc1+ 29. Kg2 Nc6 30. Qg4 Nd4 31. h4 h6 32. h5 Nf8 33. Qd7 R1c7 34. Qd5 Nc6 35. Be2 Rd8 36. Qc5 Ne6 37. Qe3 Ncd4 38. Bg4 Rc2 39. Bf5 Nxf5 40. exf5 Ng5 41. Qxe5 Rdd2 42. Qe8+ Kh7 43. Qe3 Rxb2 44. Kg1 Rxf2 45. Qxf2 Nh3+ 0-1

[Event "Titled Tuesday 2024.12.24 Early"]
[Site "chess.com INT"]
[Date "2024.12.24"]
[Round "5"]
[White "Poormosavi, Seyed Kian"]
[Black "Samsonkin, Artiom"]
[Result "0-1"]
[WhiteElo "2381"]
[BlackElo "2363"]
[WhiteFideId "-1"]
[WhiteFideId "-1"]
[PlyCount "122"]
[GameId "2129405226925828"]
[EventDate "2024.12.24"]
[EventType "swiss (blitz)"]
[EventRounds "11"]
[EventCountry "NET"]
[SourceTitle "The Week in Chess 1573"]
[Source "Mark Crowther"]
[SourceDate "2024.12.30"]
[SourceVersion "1"]
[SourceVersionDate "2024.12.30"]
[SourceQuality "2"]

1. d4 Nf6 2. Bg5 e6 3. Nd2 b6 4. e4 Bb7 5. Bd3 h6 6. Bxf6 Qxf6 7. Ngf3 g6 8. O-O Bg7 9. Qe2 Qe7 10. e5 O-O 11. Be4 d5 12. exd6 cxd6 13. c3 Bxe4 14. Qxe4 d5 15. Qe2 Nc6 16. Rfe1 Qd7 17. Qa6 Qc8 18. Qxc8 Rfxc8 19. Nb3 a5 20. a4 Rcb8 21. Nfd2 Bf8 22. h3 b5 23. axb5 Rxb5 24. Ra2 Rab8 25. Rea1 Rxb3 26. Nxb3 Rxb3 27. Kf1 f6 28. Ke2 Kf7 29. Kd2 e5 30. dxe5 fxe5 31. Kc2 Rb7 32. Ra4 Ke6 33. Rd1 Bc5 34. f3 Ne7 35. Rxa5 Bb6 36. Rb5 Kd6 37. c4 Kc6 38. b3 dxc4 39. bxc4 Nf5 40. Kc3 Bd4+ 41. Kb4 Ra7 42. Kb3 Nd6 43. Rb8 Kc7 44. Rg8 Rb7+ 45. Kc2 Rb2+ 46. Kd3 Rxg2 47. c5 Bxc5 48. Rc1 Kc6 49. Ra8 Rf2 50. Ra6+ Kb5 51. Rca1 Rxf3+ 52. Ke2 Re3+ 53. Kd1 Nc4 54. Ra8 Rxh3 55. Rb1+ Kc6 56. Rc8+ Kd5 57. Rc1 Rh1+ 58. Kc2 Ne3+ 59. Kb2 Bd4+ 60. Kb3 Rxc1 61. Rxc1 Ke4 0-1

[Event "Titled Tuesday 2024.12.24 Early"]
[Site "chess.com INT"]
[Date "2024.12.24"]
[Round "6"]
[White "Samsonkin, Artiom"]
[Black "Florescu, Codrut"]
[Result "1-0"]
[WhiteElo "2363"]
[BlackElo "2203"]
[WhiteFideId "-1"]
[WhiteFideId "-1"]
[PlyCount "107"]
[GameId "2129405226925997"]
[EventDate "2024.12.24"]
[EventType "swiss (blitz)"]
[EventRounds "11"]
[EventCountry "NET"]
[SourceTitle "The Week in Chess 1573"]
[Source "Mark Crowther"]
[SourceDate "2024.12.30"]
[SourceVersion "1"]
[SourceVersionDate "2024.12.30"]
[SourceQuality "2"]

1. e4 c5 2. Nf3 e6 3. Nc3 a6 4. g3 d6 5. Bg2 Nf6 6. O-O Nc6 7. d3 Be7 8. Ng5 O-O 9. f4 Nd4 10. Ne2 Rb8 11. Nxd4 cxd4 12. Nf3 e5 13. fxe5 dxe5 14. Nxe5 Qc7 15. Nc4 b5 16. Bf4 Qc5 17. Bxb8 bxc4 18. Bf4 Qb4 19. b3 c3 20. a3 Qb6 21. Qf3 Bg4 22. Qf2 Be6 23. h3 a5 24. g4 Nd7 25. b4 axb4 26. axb4 Bxb4 27. Rfb1 Qc5 28. Ra6 Qb5 29. Ra7 Qc5 30. Ra4 Ba3 31. Qxd4 Qxd4+ 32. Rxd4 Bc5 33. Be3 Bxd4 34. Bxd4 Rc8 35. Ra1 Nc5 36. Bxc3 Nxd3 37. cxd3 Rxc3 38. Ra8+ Rc8 39. Rxc8+ Bxc8 40. Kf2 f6 41. Ke3 Kf7 42. Kd4 Ke6 43. Kc5 Kd7 44. d4 Ba6 45. h4 Be2 46. g5 fxg5 47. hxg5 h5 48. gxh6 gxh6 49. Bh3+ Ke7 50. e5 h5 51. d5 Bg4 52. Bxg4 hxg4 53. Kd4 Kd7 54. Ke4 1-0